| 000 | 00363nam a22001697a 4500 | ||
|---|---|---|---|
| 005 | 20260616111516.0 | ||
| 020 | _a9788198410672 | ||
| 041 | _aEnglish | ||
| 082 | _aT03 R25 MAT | ||
| 100 | _aMathiyan P | ||
| 245 | _aAgarathiyiyal Kalaicchollagarathi | ||
| 250 | _a01 | ||
| 260 |
_aChennai _bNCBH _c2025 |
||
| 300 | _a190 | ||
| 365 | _b175.00 | ||
| 942 | _cBK | ||
| 999 |
_c177869 _d177869 |
||